LEADER 01008nam a2200217 i 4500 001 000000210688 003 CaOOAMICUS 005 20120208000000.0 008 120208s1887 it u000 u ita u 013 $a189501 040 $aSeMil$bita 100 1 $aRocca, Luigi.$0(OLS)http://semarc/name/37341 245 10$aDei commenti alla Divina Commedia composti nel secolo 14. /$cLuigi Rocca. 260 $aBologna :$bFava e Garagnani,$c1887. 300 $a78 p. ;$c24 cm. 650 4$aAlighieri, Dante <1265-1321> . Divina Commedia - Commentari e studi.$0(OLS)http://semarc/subject/2968 650 4$aAlighieri, Dante <1265-1321> . Divina Commedia - Commentari e studi - Sec. 14.$0(OLS)http://semarc/subject/39606 850 $aSeMil 852 $aSeMil$W1$xVenegono$y1$m1R VII 17 FA$j161135$B161135$CSeMilBibl$Z2$F172285 $8I 996 $6245$aDei commenti alla Divina Commedia composti nel secolo 14.$9(OLS)http://semarc/title/304486 996 $6260$aBologna :$bFava e Garagnani$9(OLS)http://semarc/publisher/38708 LEADER 01234nam a2200229 i 4500 001 000000231398 003 CaOOAMICUS 005 20140724000000.0 008 140724s1966 it u000 u eng u 013 $a210301 040 $aSeMil$bita 100 1 $aTaylor, Vincent.$0(OLS)http://semarc/name/32606 245 14$aThe Gospel According to St. Mark /$cThe Greek Text With Introduction, Notes and Indexes By Vincent Taylor Ph. D.,D.D. (Lond.), Hon. D.D. (Leeds), Hon. D.D. (Dublin), Hon. D.D. (Glasgow), F.B.A. 250 $aSecond Edition. 260 $aMacmillan :$bSt. Martin's Press,$c1966. 300 $aXXI, 700 p. ;$c22 cm. 500 $aContiene : Select Bibliography. - In mezzo al front : Formerly principal and Ferens Professor of New Testament Language and Literature at Wesley College, Headingley, Leeds. 650 4$aBibbia. Nuovo Testamento. Vangelo secondo Marco - Commentari, studi, critica, interpretazioni.$0(OLS)http://semarc/subject/143 850 $aSeMil 852 $aSeMil$W1$xVenegono$y1$m2Z II 109$j181744$B181744$CSeMilBibl$Z2$F192518 $81 996 $6245$aThe Gospel According to St. Mark$9(OLS)http://semarc/title/330460 996 $6260$aMacmillan :$bSt. Martin's Press$9(OLS)http://semarc/publisher/53875